000 00702nam a2200241Ia 4500
003 OSt
005 20220928115107.0
006 a|||||r|||| 00| 0
007 ta
008 220927b |||||||| |||| 00| 0 eng d
024 _a60167
037 _cTextual
040 _aSDCL
_cSDCL
_beng
041 _2eng
_aeng
082 _aR691, M2
100 _aChattopadhyay Devi Prasad
_9392408
245 0 _aLokayat
_b Prachin Bhartiya Bhotikwad ka Adhhyyan.
260 _aDelhi
_bMacmillan India Limited
_c1982
300 _ax,551p.
_ccm.
700 _a Sharma Brij Tr.
_9443023
942 _hR691, M2
_cTEXL
_2CC
999 _c758187
_d758187